000 00439nam a2200169 4500
001 VA38023
003 ES-SlBCS
005 20210601154754.0
008 140520s1955 xxu||||| |||| 00| 0 spa d
041 _aspa
100 1 _aXandró, Mauricio
_925732
245 1 0 _aGrafología
_b:Tratado de iniciación
_cMauricio Xandró
260 _aMadrid :
_bStudium
_c, 1955
300 _a99 p.;
_c19 cm
650 _aGrafología
_9119669
942 _cBK
999 _c809336
_d809336